Riadenie firiem v kríze. 2 Základom zdravej ekonomiky je rovnosť šancí - aj vo vzťahu k bankrotu

Bankroty ako nevyhnutná súčasť trhovej ekonomiky. Príspevok je zameraný na problémy súvisiace s vytvorením špeciálneho režimu pre niektoré podnikateľské subjekty, najmä vo vzťahu k uplatneniu konkurzov a vyrovnaní. Vývoj bankrotovej legislatívy z pohľadu obmedzovania aplikácie zákona. Regulačný ráme...

Full description

Saved in:
Bibliographic Details
Main Author: Zemanovičová, Daniela
Other Authors: Jurzyca, Eugen
Format: Book Chapter
Language:Slovak
Subjects:
Tags: Add Tag
No Tags, Be the first to tag this record!

MARC

LEADER 00000naa a2200000 4500
001 r028200
005 20230809081537.4
041 0 |a slo 
044 |a SK 
245 1 0 |a Riadenie firiem v kríze. 2  |b Základom zdravej ekonomiky je rovnosť šancí - aj vo vzťahu k bankrotu  |c Daniela Zemanovičová, Eugen Jurzyca 
520 |a Bankroty ako nevyhnutná súčasť trhovej ekonomiky. Príspevok je zameraný na problémy súvisiace s vytvorením špeciálneho režimu pre niektoré podnikateľské subjekty, najmä vo vzťahu k uplatneniu konkurzov a vyrovnaní. Vývoj bankrotovej legislatívy z pohľadu obmedzovania aplikácie zákona. Regulačný rámec pre strategické podniky. Riešenie problémov strategických podnikov. Riešenie problémových podnikov v zahraničí. Riešenie finančných problémov podnikov. Reštrukturalizácia podnikov a bánk. 
610 2 0 |a riadenie podnikové 
610 2 0 |a bankrot 
610 2 0 |a hospodárstvo trhové 
610 2 0 |a kríza 
610 2 0 |a podnik 
610 2 0 |a legislatíva 
610 2 0 |a Slovensko 
610 2 0 |a konkurzy 
610 2 0 |a Nemecko 
610 2 0 |a Maďarsko 
610 2 0 |a Poľsko 
610 2 0 |a podnik štátny 
610 2 0 |a reštrukturalizácia 
610 2 0 |a insolventnosť 
610 2 0 |a banky 
610 2 0 |a veritelia 
100 1 |a Zemanovičová, Daniela 
700 1 |a Jurzyca, Eugen